header

Neuro-ophthalmology review manual / (Record no. 87334)

MARC details
000 -LEADER
fixed length control field 02775nam a2200409 i 4500
001 - CONTROL NUMBER
control field ebr10824149
003 - CONTROL NUMBER IDENTIFIER
control field CaPaEBR
006 - FIXED-LENGTH DATA ELEMENTS--ADDITIONAL MATERIAL CHARACTERISTICS--GENERAL INFORMATION
fixed length control field m o d
007 - PHYSICAL DESCRIPTION FIXED FIELD--GENERAL INFORMATION
fixed length control field cr cn|||||||||
008 - FIXED-LENGTH DATA ELEMENTS--GENERAL INFORMATION
fixed length control field 120619s2013 njua obf 000 0 eng|d
020 ## - INTERNATIONAL STANDARD BOOK NUMBER
Cancelled/invalid ISBN 9781617110795 (pbk. : alk. paper)
International Standard Book Number 9781617119378 (e-book)
040 ## - CATALOGING SOURCE
Original cataloging agency CaPaEBR
Language of cataloging eng
Description conventions rda
-- pn
Transcribing agency CaPaEBR
035 ## - SYSTEM CONTROL NUMBER
System control number (OCoLC)868929128
050 14 - LIBRARY OF CONGRESS CALL NUMBER
Classification number RE725
Item number .K55 2013eb
082 04 - DEWEY DECIMAL CLASSIFICATION NUMBER
Classification number 617.7
Edition number 23
100 1# - MAIN ENTRY--PERSONAL NAME
Personal name Kline, Lanning B.
245 10 - TITLE STATEMENT
Title Neuro-ophthalmology review manual /
Statement of responsibility, etc Lanning B. Kline, Rod Foroozan, Frank J. Bajandas.
250 ## - EDITION STATEMENT
Edition statement Seventh edition.
264 #1 - PRODUCTION, PUBLICATION, DISTRIBUTION, MANUFACTURE, AND COPYRIGHT NOTICE
Place of production, publication, distribution, manufacture Thorofare, New Jersey :
Name of producer, publisher, distributor, manufacturer SLACK,
Date of production, publication, distribution, manufacture, or copyright notice 2013.
Date of production, publication, distribution, manufacture, or copyright notice �2013
300 ## - PHYSICAL DESCRIPTION
Extent 1 online resource (292 pages) :
Other physical details illustrations
336 ## - CONTENT TYPE
Content type term text
Source rdacontent
337 ## - MEDIA TYPE
Media type term computer
Source rdamedia
338 ## - CARRIER TYPE
Carrier type term online resource
Source rdacarrier
504 ## - BIBLIOGRAPHY, ETC. NOTE
Bibliography, etc Includes bibliographical references.
520 ## - SUMMARY, ETC.
Summary, etc "More than 30 years ago, Neuro-Ophthalmology Review Manual, presented a unique and user-friendly approach to address clinical neuro-ophthalmology principles used in everyday practice. The new Seventh Edition continues that tradition, providing a timely update, while also maintaining the same goals of past editions. Dr. Lanning B. Kline and Dr. Rod Foroozan are joined by seven contributors on this Seventh Edition who have organized the book to be clinically oriented to patients with neuro-ophthalmic disorders. The inclusion of over 130 illustrations and 29 tables allows for a user-friendly format and quick access to valuable information. The Seventh Edition provides a timely and comprehensive update to the current information, effective exercises, and case studies, as well as the addition of a chapter on neuroimaging. Neuro-Ophthalmology Review Manual, Seventh Edition is a succinct text for all practitioners and residents in ophthalmology, neurology, and neurosurgery. A popular choice among colleagues for more than 30 years, this a must have resource in neuro-ophthalmology"--Provided by publisher.
588 ## - SOURCE OF DESCRIPTION NOTE
Source of description note Description based on print version record.
590 ## - LOCAL NOTE (RLIN)
Local note Electronic reproduction. Palo Alto, Calif. : ebrary, 2014. Available via World Wide Web. Access may be limited to ebrary affiliated libraries.
650 #0 - SUBJECT ADDED ENTRY--TOPICAL TERM
Topical term or geographic name as entry element Neuroophthalmology
Form subdivision Handbooks, manuals, etc.
655 #0 - INDEX TERM--GENRE/FORM
Genre/form data or focus term Electronic books.
700 1# - ADDED ENTRY--PERSONAL NAME
Personal name Foroozan, Rod.
Personal name Bajandas, Frank J.
776 08 - ADDITIONAL PHYSICAL FORM ENTRY
Display text Print version:
Main entry heading Kline, Lanning B.
Title Neuro-ophthalmology review manual.
Place, publisher, and date of publication Thorofare, New Jersey : SLACK, 2013
Physical description xii, 275 pages
International Standard Book Number 9781617110795
Record control number (DNLM)101586554
-- (DLC)10824149
797 2# - LOCAL ADDED ENTRY--CORPORATE NAME (RLIN)
Corporate name or jurisdiction name as entry element ebrary.
856 40 - ELECTRONIC LOCATION AND ACCESS
Uniform Resource Identifier <a href="http://site.ebrary.com/lib/rucke/Doc?id=10824149">http://site.ebrary.com/lib/rucke/Doc?id=10824149</a>
Public note An electronic book accessible through the World Wide Web; click to view

No items available.

© 2026 Rongo University
Contact us: librarian | system librarian | Rongo university